[Event "Scarborough CC-ch Reserves U1400"]
[Site "Toronto CAN"]
[Date "2012.05.03"]
[Round "7"]
[White "Deng, Yi"]
[Black "Lu, Leo"]
[Result "1-0"]
[WhiteElo "1062"]
[BlackElo "918"]
[PlyCount "122"]
[GameId "2160767909575828"]
[EventDate "2012.03.22"]
[EventType "swiss"]
[EventRounds "9"]
[EventCountry "CAN"]
[SourceTitle "EXT 2022"]
[Source "ChessBase"]
[SourceDate "2021.10.06"]
[SourceVersion "1"]
[SourceVersionDate "2021.10.06"]
[SourceQuality "1"]

1. e4 e5 2. Nf3 Nf6 3. Nc3 d5 4. exd5 Nxd5 5. Nxd5 Qxd5 6. d3 Nc6 7. c4 Qd6 8. Be2 Qg6 9. g3 Bf5 10. Nh4 Qf6 11. Nxf5 Qxf5 12. Bg4 Qf6 13. O-O Qg6 14. Re1 Rd8 15. Re3 Bc5 16. Re1 Rxd3 17. Qe2 f6 18. Bf3 Nd4 19. Qe4 Qxe4 20. Bxe4 Nc2 21. Bxd3 Nxe1 22. Be4 f5 23. Bxb7 e4 24. Bf4 Nd3 25. Rf1 Nxf4 26. gxf4 O-O 27. Bd5+ Kh8 28. h4 Rd8 29. Kh2 Rb8 30. b3 h5 31. Kg3 a5 32. Rb1 Rf8 33. Rf1 Rf6 34. Kg2 c6 35. Rd1 Rg6+ 36. Kf1 cxd5 37. Rxd5 Rc6 38. Rxf5 g6 39. Re5 Bd6 40. Rxe4 Kg7 41. Re6 Kf7 42. Re4 Kf6 43. Kg2 Kf5 44. Kf3 Bc7 45. Rd4 Bb6 46. Rd5+ Kf6 47. Kg2 Re6 48. Rd2 Kf5 49. Kg3 Re3+ 50. fxe3 Bxe3 51. Rd3 Bxf4+ 52. Kf3 Ke5 53. c5 Kf5 54. c6 g5 55. hxg5 Kxg5 56. Rd4 Bb8 57. Rc4 h4 58. Kg2 Kf5 59. c7 Bxc7 60. Rxc7 Ke5 61. a3 Kd6 1-0

[Event "Scarborough CC-ch Reserves U1400"]
[Site "Toronto CAN"]
[Date "2012.05.03"]
[Round "7"]
[White "Patel, Saiyam"]
[Black "Patel, Alay"]
[Result "0-1"]
[WhiteElo "871"]
[BlackElo "914"]
[PlyCount "46"]
[GameId "2160767909575829"]
[EventDate "2012.03.22"]
[EventType "swiss"]
[EventRounds "9"]
[EventCountry "CAN"]
[SourceTitle "EXT 2022"]
[Source "ChessBase"]
[SourceDate "2021.10.06"]
[SourceVersion "1"]
[SourceVersionDate "2021.10.06"]
[SourceQuality "1"]

1. e4 g6 2. Qf3 Bg7 3. Bc4 e6 4. Nh3 Nh6 5. b4 b6 6. Nf4 Bxa1 7. Nc3 Bb7 8. Qh3 Qg5 9. d4 Bxc3+ 10. Kd1 Bxd4 11. Nxe6 Qh5+ 12. f3 Qxh3 13. gxh3 dxe6 14. b5 O-O 15. Ba3 Rd8 16. Bc1 Be3+ 17. Ke2 Bxc1 18. Rxc1 f5 19. Rd1 Rxd1 20. Kxd1 fxe4 21. fxe4 Bxe4 22. Bxe6+ Kf8 23. Ke2 Ke7 0-1

[Event "Scarborough CC-ch Reserves U1400"]
[Site "Toronto CAN"]
[Date "2012.05.03"]
[Round "7"]
[White "Pulogarajah, Kaarthic"]
[Black "Jimenez, Michael"]
[Result "1-0"]
[WhiteElo "998"]
[BlackElo "931"]
[PlyCount "73"]
[GameId "2160767909575830"]
[EventDate "2012.03.22"]
[EventType "swiss"]
[EventRounds "9"]
[EventCountry "CAN"]
[SourceTitle "EXT 2022"]
[Source "ChessBase"]
[SourceDate "2021.10.06"]
[SourceVersion "1"]
[SourceVersionDate "2021.10.06"]
[SourceQuality "1"]

1. e4 e5 2. Nf3 Nc6 3. d4 d6 4. d5 Nce7 5. Nc3 Bg4 6. h3 Bh5 7. g4 Bg6 8. Nh4 Nxd5 9. Nxg6 Nxc3 10. Qd3 hxg6 11. Qxc3 Nf6 12. Qd3 Nxg4 13. Qg3 Nf6 14. f3 d5 15. Bg5 Qd6 16. O-O-O d4 17. c3 Qc5 18. Rd3 Nh5 19. Qh4 f6 20. Bd2 g5 21. b4 Qc4 22. Bxg5 fxg5 23. Qxg5 Bd6 24. Kb2 Nf4 25. Rxd4 Ne6 26. Qg6+ Kd7 27. Rxc4 Rhf8 28. Bg2 Ke7 29. a4 Rf7 30. h4 Nf4 31. Qg5+ Ke6 32. Qg4+ Ke7 33. Qg5+ Ke6 34. h5 Be7 35. Qg4+ Kd6 36. Rd1+ Nd3+ 37. Rxd3# 1-0

[Event "Scarborough CC-ch Reserves U1400"]
[Site "Toronto CAN"]
[Date "2012.05.03"]
[Round "7"]
[White "Souchko, Larissa"]
[Black "Azizi, Hamid"]
[Result "0-1"]
[WhiteElo "1054"]
[BlackElo "1367"]
[PlyCount "48"]
[GameId "2160767909575831"]
[EventDate "2012.03.22"]
[EventType "swiss"]
[EventRounds "9"]
[EventCountry "CAN"]
[SourceTitle "EXT 2022"]
[Source "ChessBase"]
[SourceDate "2021.10.06"]
[SourceVersion "1"]
[SourceVersionDate "2021.10.06"]
[SourceQuality "1"]

1. e4 d5 2. d4 dxe4 3. Nc3 Bf5 4. Bc4 e6 5. Nge2 Bb4 6. O-O Nd7 7. Bb3 h6 8. a3 Bd6 9. Re1 Ngf6 10. h3 c6 11. Kh1 g5 12. Ng1 g4 13. Nce2 Qc7 14. g3 gxh3 15. Bf4 Bg4 16. Qd2 h5 17. Bxd6 Qxd6 18. Nf4 h4 19. Ngxh3 hxg3 20. Kg2 Bf3+ 21. Kf1 g2+ 22. Kg1 O-O-O 23. c3 Rxh3 24. Nxh3 Rh8 0-1

[Event "Scarborough CC-ch Reserves U1400"]
[Site "Toronto CAN"]
[Date "2012.05.03"]
[Round "7"]
[White "Yu, Tianxi"]
[Black "Pakerathan, Thurvan"]
[Result "1-0"]
[WhiteElo "954"]
[BlackElo "947"]
[PlyCount "72"]
[GameId "2160767909575832"]
[EventDate "2012.03.22"]
[EventType "swiss"]
[EventRounds "9"]
[EventCountry "CAN"]
[SourceTitle "EXT 2022"]
[Source "ChessBase"]
[SourceDate "2021.10.06"]
[SourceVersion "1"]
[SourceVersionDate "2021.10.06"]
[SourceQuality "1"]

1. e4 e5 2. Nf3 Nc6 3. d4 Bd6 4. d5 Nce7 5. Bg5 f6 6. Be3 Bb4+ 7. Bd2 Bc5 8. Bb5 c6 9. Bc4 b5 10. Bb3 a5 11. d6 Bxd6 12. Bxg8 Nxg8 13. O-O b4 14. c3 Ba6 15. Re1 Qb6 16. Be3 Bc5 17. Bxc5 Qxc5 18. cxb4 Qxb4 19. a3 Qxb2 20. Nbd2 O-O-O 21. Qb1 Qxb1 22. Raxb1 Bd3 23. Rb3 Ba6 24. Rb6 Bd3 25. Re3 Bc2 26. Rc3 Ba4 27. Rc5 Bd1 28. Rc1 Ba4 29. Rc4 Bd1 30. Rc1 Bxf3 31. Nxf3 Kc7 32. Rcb1 Ne7 33. Rb7+ Kd6 34. Rd1+ Kc5 35. Rbxd7 Rxd7 36. Rxd7 Re8 1-0

[Event "Scarborough CC-ch Reserves U1400"]
[Site "Toronto CAN"]
[Date "2012.05.10"]
[Round "8"]
[White "Balendra, Harigaran"]
[Black "Yu, Tianxi"]
[Result "1-0"]
[WhiteElo "1236"]
[BlackElo "954"]
[PlyCount "25"]
[GameId "2160767909575833"]
[EventDate "2012.03.22"]
[EventType "swiss"]
[EventRounds "9"]
[EventCountry "CAN"]
[SourceTitle "EXT 2022"]
[Source "ChessBase"]
[SourceDate "2021.10.06"]
[SourceVersion "1"]
[SourceVersionDate "2021.10.06"]
[SourceQuality "1"]

1. e4 e5 2. Nf3 Nf6 3. Nxe5 Nxe4 4. Qe2 d5 5. d3 Bd6 6. Nf3 Bb4+ 7. Bd2 Bxd2+ 8. Nbxd2 O-O 9. dxe4 Re8 10. O-O-O Bg4 11. Qb5 dxe4 12. Nxe4 Rxe4 13. Rxd8+ 1-0

[Event "Scarborough CC-ch Reserves U1400"]
[Site "Toronto CAN"]
[Date "2012.05.10"]
[Round "8"]
[White "Deng, Yi"]
[Black "Kaneshalingam, Mathanhe"]
[Result "1-0"]
[WhiteElo "1062"]
[BlackElo "1114"]
[PlyCount "120"]
[GameId "2160767909575834"]
[EventDate "2012.03.22"]
[EventType "swiss"]
[EventRounds "9"]
[EventCountry "CAN"]
[SourceTitle "EXT 2022"]
[Source "ChessBase"]
[SourceDate "2021.10.06"]
[SourceVersion "1"]
[SourceVersionDate "2021.10.06"]
[SourceQuality "1"]

1. e4 c5 2. Bc4 Nc6 3. Nf3 e6 4. Nc3 d6 5. Bb5 Be7 6. d4 cxd4 7. Nxd4 Bd7 8. Nxc6 Bxc6 9. Bxc6+ bxc6 10. Qg4 Bf6 11. O-O Ne7 12. Rd1 Ng6 13. Qg3 e5 14. Qd3 Be7 15. Qa6 Qc7 16. Qd3 O-O 17. Qg3 Rab8 18. b3 Rfd8 19. Bg5 Bxg5 20. Qxg5 Qe7 21. Qxe7 Nxe7 22. Rd3 Rd7 23. Rad1 Rbd8 24. a4 f6 25. h3 Kf7 26. Ne2 g6 27. c4 c5 28. f4 a5 29. fxe5 fxe5 30. g4 Kg7 31. Kg2 Kg8 32. h4 h6 33. Ng3 Kg7 34. h5 g5 35. Rf1 Rf8 36. Rfd1 Rfd8 37. Nf5+ Nxf5 38. gxf5 Kf6 39. Kg3 Kf7 40. Kg4 Kf6 41. R3d2 Ke7 42. Rf1 Kf6 43. Rdf2 Rb8 44. Rf3 Rb6 45. Rd1 Rd8 46. Rfd3 Rd7 47. Rd5 Rc6 48. Ra1 Rb6 49. Rb1 Rbb7 50. Kf3 Rb6 51. Ke3 Rbb7 52. Kd3 Rb4 53. Kc3 Kf7 54. Rbd1 Rb6 55. Rxc5 Ra6 56. Rxe5 Kf6 57. Re6+ Kg7 58. Re5 Kf6 59. Red5 Ke7 60. e5 Kf7 1-0

[Event "Scarborough CC-ch Reserves U1400"]
[Site "Toronto CAN"]
[Date "2012.05.10"]
[Round "8"]
[White "Lu, Leo"]
[Black "Souchko, Larissa"]
[Result "0-1"]
[WhiteElo "918"]
[BlackElo "1053"]
[PlyCount "38"]
[GameId "2160767909575835"]
[EventDate "2012.03.22"]
[EventType "swiss"]
[EventRounds "9"]
[EventCountry "CAN"]
[SourceTitle "EXT 2022"]
[Source "ChessBase"]
[SourceDate "2021.10.06"]
[SourceVersion "1"]
[SourceVersionDate "2021.10.06"]
[SourceQuality "1"]

1. e4 c5 2. Bc4 d6 3. Nc3 Nc6 4. d3 Nf6 5. Nf3 Bg4 6. Be3 e5 7. h3 Bxf3 8. Qxf3 Be7 9. Nd5 O-O 10. Nxe7+ Qxe7 11. Qg3 Kh8 12. c3 a6 13. O-O-O b5 14. Bb3 a5 15. a4 b4 16. Bd5 Qc7 17. c4 Nxd5 18. exd5 Nd4 19. f4 Ne2+ 0-1

[Event "Scarborough CC-ch Reserves U1400"]
[Site "Toronto CAN"]
[Date "2012.05.10"]
[Round "8"]
[White "Maurer, Hans"]
[Black "Pakerathan, Thurvan"]
[Result "0-1"]
[WhiteElo "901"]
[BlackElo "890"]
[PlyCount "64"]
[GameId "2160767909575836"]
[EventDate "2012.03.22"]
[EventType "swiss"]
[EventRounds "9"]
[EventCountry "CAN"]
[SourceTitle "EXT 2022"]
[Source "ChessBase"]
[SourceDate "2021.10.06"]
[SourceVersion "1"]
[SourceVersionDate "2021.10.06"]
[SourceQuality "1"]

1. e4 e5 2. Nf3 Nc6 3. Bb5 Nf6 4. d3 a6 5. Ba4 b5 6. Bb3 Bb4+ 7. Bd2 a5 8. a3 Bxd2+ 9. Qxd2 a4 10. Bd5 Bb7 11. Qg5 Nxd5 12. Qxe5+ Nxe5 13. Nxe5 d6 14. Nf3 Nf4 15. O-O Ne2+ 16. Kh1 d5 17. Re1 Nf4 18. exd5+ Kf8 19. Nc3 Nxd5 20. Nxd5 Bxd5 21. Re3 Bxf3 22. Rxf3 Qd7 23. Re1 Re8 24. Rxe8+ Qxe8 25. Re3 Qc6 26. h3 f5 27. d4 Qxc2 28. Rc3 Qxb2 29. Rxc7 g5 30. d5 Qe5 31. Rc8+ Ke7 32. Rc5 Kd6 0-1

[Event "Scarborough CC-ch Reserves U1400"]
[Site "Toronto CAN"]
[Date "2012.05.10"]
[Round "8"]
[White "Mendrinos, Ari"]
[Black "Paraparan, Varshini"]
[Result "1-0"]
[WhiteElo "1298"]
[BlackElo "1141"]
[PlyCount "115"]
[GameId "2160767909575837"]
[EventDate "2012.03.22"]
[EventType "swiss"]
[EventRounds "9"]
[EventCountry "CAN"]
[SourceTitle "EXT 2022"]
[Source "ChessBase"]
[SourceDate "2021.10.06"]
[SourceVersion "1"]
[SourceVersionDate "2021.10.06"]
[SourceQuality "1"]

1. c4 e5 2. Nc3 Nf6 3. d3 d6 4. g3 Be7 5. Bg2 O-O 6. Nf3 Be6 7. Ng5 h6 8. Nxe6 fxe6 9. Bxb7 Nbd7 10. Bxa8 Qxa8 11. O-O Nh7 12. e4 Nb6 13. f4 exf4 14. Rxf4 Rxf4 15. Bxf4 Bd8 16. Qg4 Kf7 17. Rf1 Bf6 18. Qh5+ Kg8 19. Qg4 Kf7 20. e5 dxe5 21. Bxe5 c5 22. Ne4 Nd7 23. Nxf6 Nhxf6 24. Bxf6 Nxf6 25. Qh5+ Kg8 26. Qg6 Qd8 27. Rxf6 Qxf6 28. Qxf6 gxf6 29. Kf2 Kf7 30. Kf3 a5 31. Ke4 Ke7 32. d4 Kd6 33. g4 f5+ 34. gxf5 exf5+ 35. Kxf5 cxd4 36. Ke4 Kc5 37. Kd3 a4 38. a3 h5 39. h4 Kc6 40. Kxd4 Kd6 41. c5+ Kc6 42. Kc4 Kc7 43. Kd5 Kd7 44. c6+ Kc7 45. Kc5 Kc8 46. Kb5 Kc7 47. Kxa4 Kxc6 48. b4 Kb6 49. Kb3 Kb5 50. a4+ Ka6 51. Kc4 Kb6 52. b5 Kb7 53. Kc5 Kc7 54. b6+ Kb7 55. a5 Kb8 56. Kc6 Ka8 57. b7+ Kb8 58. a6 1-0

[Event "Scarborough CC-ch Reserves U1400"]
[Site "Toronto CAN"]
[Date "2012.05.10"]
[Round "8"]
[White "Patel, Alay"]
[Black "Roy, Harrison"]
[Result "1-0"]
[WhiteElo "914"]
[BlackElo "827"]
[PlyCount "85"]
[GameId "2160767909575838"]
[EventDate "2012.03.22"]
[EventType "swiss"]
[EventRounds "9"]
[EventCountry "CAN"]
[SourceTitle "EXT 2022"]
[Source "ChessBase"]
[SourceDate "2021.10.06"]
[SourceVersion "1"]
[SourceVersionDate "2021.10.06"]
[SourceQuality "1"]

1. e3 e5 2. Nf3 Nc6 3. Bb5 d6 4. Nc3 Bd7 5. O-O d5 6. Nxd5 Bg4 7. Nc3 Nf6 8. Qe2 e4 9. Nxe4 Nxe4 10. Qc4 Nf6 11. Ne5 Qe7 12. Nxg4 Nxg4 13. Bxc6+ bxc6 14. Qxc6+ Qd7 15. Qxa8+ Qd8 16. Qe4+ Be7 17. Qxg4 O-O 18. Qd4 Bd6 19. b3 c5 20. Qc3 Qh4 21. g3 Qh3 22. Bb2 f6 23. Qc4+ Kh8 24. Qd5 Qd7 25. Ba3 Re8 26. Bxc5 Re5 27. Qxd6 Qxd6 28. Bxd6 Rd5 29. Bf4 Rxd2 30. Rad1 Rxd1 31. Rxd1 g5 32. Rd8+ Kg7 33. Bd6 h5 34. Rd7+ Kg6 35. Rxa7 f5 36. c4 f4 37. exf4 gxf4 38. gxf4 h4 39. c5 h3 40. c6 Kh6 41. c7 Kh5 42. c8=Q Kh4 43. Rh7# 1-0

[Event "Scarborough CC-ch Reserves U1400"]
[Site "Toronto CAN"]
[Date "2012.05.10"]
[Round "8"]
[White "Roy, Lawrence"]
[Black "Feng, Richard"]
[Result "0-1"]
[WhiteElo "1020"]
[BlackElo "1022"]
[PlyCount "78"]
[GameId "2160767909575839"]
[EventDate "2012.03.22"]
[EventType "swiss"]
[EventRounds "9"]
[EventCountry "CAN"]
[SourceTitle "EXT 2022"]
[Source "ChessBase"]
[SourceDate "2021.10.06"]
[SourceVersion "1"]
[SourceVersionDate "2021.10.06"]
[SourceQuality "1"]

1. e4 c5 2. Nf3 d6 3. Nc3 Nf6 4. d4 cxd4 5. Nxd4 g6 6. Nf3 Bg7 7. e5 Ng4 8. exd6 Qxd6 9. Qxd6 exd6 10. h3 Nf6 11. Bd3 O-O 12. O-O Nc6 13. Bf4 d5 14. Bg5 Be6 15. Rad1 a6 16. Rfe1 Rae8 17. Bxf6 Bxf6 18. a3 Bg7 19. Be2 d4 20. Ne4 Bxh3 21. gxh3 Rxe4 22. Bc4 Rf4 23. Kg2 d3 24. Bxd3 Bxb2 25. a4 Rxa4 26. Rb1 Bc3 27. Re2 b5 28. Be4 Re8 29. Re3 Raxe4 30. Rxc3 Nd4 31. Nxd4 Rxd4 32. Rd3 Rxd3 33. cxd3 Rd8 34. Rd1 b4 35. Rb1 a5 36. Rd1 b3 37. Ra1 Rb8 38. Rxa5 b2 39. d4 b1=Q 0-1

[Event "Scarborough CC-ch Reserves U1400"]
[Site "Toronto CAN"]
[Date "2012.05.10"]
[Round "8"]
[White "Sekar, Varun"]
[Black "Wang, Edward"]
[Result "1-0"]
[WhiteElo "1294"]
[BlackElo "1071"]
[PlyCount "119"]
[GameId "2160767909575840"]
[EventDate "2012.03.22"]
[EventType "swiss"]
[EventRounds "9"]
[EventCountry "CAN"]
[SourceTitle "EXT 2022"]
[Source "ChessBase"]
[SourceDate "2021.10.06"]
[SourceVersion "1"]
[SourceVersionDate "2021.10.06"]
[SourceQuality "1"]

1. e4 c6 2. d4 d5 3. Nc3 dxe4 4. Nxe4 Bf5 5. Nc3 Nf6 6. Nf3 Na6 7. Bxa6 bxa6 8. O-O e6 9. Ne5 Qc7 10. Bf4 Bd6 11. Qe2 Nd5 12. Nxd5 cxd5 13. Qxa6 f6 14. Qb5+ Kf8 15. Nd7+ Ke7 16. Bxd6+ Qxd6 17. Nc5 Rac8 18. c3 e5 19. Rfe1 Rb8 20. Qe2 Kf7 21. Rac1 Rhe8 22. Qd2 exd4 23. cxd4 Rxe1+ 24. Rxe1 Qb6 25. b3 Re8 26. Rxe8 Kxe8 27. h3 Kf7 28. g4 Bb1 29. a4 Be4 30. Nxe4 dxe4 31. Qe3 Qb7 32. Qc3 g6 33. Qc4+ Ke7 34. b4 f5 35. Qc5+ Ke6 36. gxf5+ gxf5 37. Qe5+ Kd7 38. Qxf5+ Ke8 39. Qb5+ Qxb5 40. axb5 Kd7 41. Kf1 Kc7 42. Ke2 Kb6 43. Ke3 Kxb5 44. Kxe4 Kxb4 45. d5 Kc5 46. Ke5 Kb6 47. d6 a5 48. Ke6 a4 49. d7 a3 50. d8=Q+ Kb5 51. Qd1 Kb4 52. Qa1 h5 53. f4 h4 54. f5 Kb3 55. f6 a2 56. f7 Kc2 57. Qxa2+ Kd1 58. f8=Q Ke1 59. Qff2+ Kd1 60. Qfd2# 1-0

[Event "Scarborough CC-ch Reserves U1400"]
[Site "Toronto CAN"]
[Date "2012.05.17"]
[Round "9"]
[White "Feng, Richard"]
[Black "Paraparan, Varshini"]
[Result "0-1"]
[WhiteElo "1022"]
[BlackElo "1141"]
[PlyCount "58"]
[GameId "2160767909575841"]
[EventDate "2012.03.22"]
[EventType "swiss"]
[EventRounds "9"]
[EventCountry "CAN"]
[SourceTitle "EXT 2022"]
[Source "ChessBase"]
[SourceDate "2021.10.06"]
[SourceVersion "1"]
[SourceVersionDate "2021.10.06"]
[SourceQuality "1"]

1. e4 e5 2. Nf3 Nc6 3. Bb5 a6 4. Ba4 Nf6 5. O-O Be7 6. Re1 b5 7. Bb3 O-O 8. c3 d6 9. d4 exd4 10. cxd4 Bg4 11. Qd3 Bxf3 12. Qxf3 Nxd4 13. Qd3 Nxb3 14. Qxb3 Nd7 15. Nc3 Nc5 16. Qc2 Bf6 17. Nd5 Be5 18. Re3 Re8 19. Rh3 Bf6 20. e5 g6 21. Nxf6+ Qxf6 22. Bh6 Qxe5 23. Re3 Qh5 24. Rh3 Qe2 25. Qc3 Qe5 26. Qd2 Re6 27. Rb1 Rae8 28. f4 Qe4 29. Qc3 Qxb1+ 0-1

[Event "Scarborough CC-ch Reserves U1400"]
[Site "Toronto CAN"]
[Date "2012.05.17"]
[Round "9"]
[White "Guo, Thomas"]
[Black "Souchko, Larissa"]
[Result "1-0"]
[WhiteElo "1188"]
[BlackElo "1053"]
[PlyCount "71"]
[GameId "2160767909575842"]
[EventDate "2012.03.22"]
[EventType "swiss"]
[EventRounds "9"]
[EventCountry "CAN"]
[SourceTitle "EXT 2022"]
[Source "ChessBase"]
[SourceDate "2021.10.06"]
[SourceVersion "1"]
[SourceVersionDate "2021.10.06"]
[SourceQuality "1"]

1. e4 c5 2. Nf3 d6 3. d4 cxd4 4. Nxd4 Nf6 5. Nc3 a6 6. Bd3 e5 7. Nb3 b5 8. Bg5 Nbd7 9. O-O h6 10. Be3 Be7 11. f4 Bb7 12. Qe2 Rc8 13. Rad1 O-O 14. Qf3 Re8 15. Ne2 Bf8 16. Ng3 Qc7 17. Rfe1 d5 18. Bc1 Qb6+ 19. Kh1 d4 20. Nf5 Nh7 21. Qg3 g6 22. fxe5 Nxe5 23. Nxh6+ Kh8 24. Rf1 Qe6 25. Qxe5+ Qxe5 26. Nxf7+ Kg8 27. Nxe5 Rxe5 28. Nxd4 Bxe4 29. Bxe4 Rxe4 30. Rfe1 Nf6 31. Rxe4 Nxe4 32. Kg1 Bc5 33. c3 Rd8 34. Kf1 b4 35. Rd3 a5 36. Ke2 1-0

[Event "Scarborough CC-ch Reserves U1400"]
[Site "Toronto CAN"]
[Date "2012.05.17"]
[Round "9"]
[White "Magee, Michael"]
[Black "Maurer, Hans"]
[Result "1-0"]
[WhiteElo "950"]
[BlackElo "901"]
[PlyCount "59"]
[GameId "2160767909575844"]
[EventDate "2012.03.22"]
[EventType "swiss"]
[EventRounds "9"]
[EventCountry "CAN"]
[SourceTitle "EXT 2022"]
[Source "ChessBase"]
[SourceDate "2021.10.06"]
[SourceVersion "1"]
[SourceVersionDate "2021.10.06"]
[SourceQuality "1"]

1. e4 e5 2. Nf3 Nc6 3. Bc4 Nf6 4. Ng5 d5 5. exd5 Nxd5 6. Nxf7 Qh4 7. Bxd5 Rg8 8. Nd6+ cxd6 9. Bxg8 Qe4+ 10. Kf1 Qf5 11. Qf3 Ne7 12. Qxf5 Bxf5 13. Bc4 O-O-O 14. d3 h6 15. Nc3 d5 16. Bb3 d4 17. Ne4 Ng6 18. g3 Bb4 19. c3 dxc3 20. bxc3 Ba5 21. Be3 Kb8 22. Kg2 Rxd3 23. Nd2 Be4+ 24. Nxe4 Ne7 25. Rhd1 Rxd1 26. Rxd1 Kc7 27. Bxa7 b6 28. Be6 Nc6 29. Rd7+ Kc8 30. Nd6# 1-0

[Event "Scarborough CC-ch Reserves U1400"]
[Site "Toronto CAN"]
[Date "2012.05.17"]
[Round "9"]
[White "Marcelino, Daryl"]
[Black "Thanabalachandran, Luxiga"]
[Result "1-0"]
[WhiteElo "911"]
[BlackElo "874"]
[PlyCount "61"]
[GameId "2160767909575845"]
[EventDate "2012.03.22"]
[EventType "swiss"]
[EventRounds "9"]
[EventCountry "CAN"]
[SourceTitle "EXT 2022"]
[Source "ChessBase"]
[SourceDate "2021.10.06"]
[SourceVersion "1"]
[SourceVersionDate "2021.10.06"]
[SourceQuality "1"]

1. e4 e6 2. d4 d5 3. e5 c5 4. c3 Nc6 5. Nf3 f6 6. Be2 Bd7 7. O-O Nge7 8. Be3 cxd4 9. cxd4 Ng6 10. a3 Be7 11. Nc3 O-O 12. Nb5 a6 13. Nc3 fxe5 14. Nxe5 Ngxe5 15. dxe5 Nxe5 16. Bd4 Nc6 17. Bh5 Nxd4 18. Qxd4 Bd6 19. Ne2 Qg5 20. Qb6 Bb8 21. Bf3 Qe5 22. Ng3 Ba7 23. Qxb7 Bb5 24. Rfb1 Qd4 25. a4 Qxf2+ 26. Kh1 Bd3 27. Nh5 Qd4 28. Re1 Rfe8 29. Rxe6 Bc5 30. Bxd5 Rad8 31. Rxe8# 1-0

[Event "Scarborough CC-ch Reserves U1400"]
[Site "Toronto CAN"]
[Date "2012.05.17"]
[Round "9"]
[White "Patel, Saiyam"]
[Black "Roy, Harrison"]
[Result "1/2-1/2"]
[WhiteElo "871"]
[BlackElo "827"]
[PlyCount "37"]
[GameId "2160767909575847"]
[EventDate "2012.03.22"]
[EventType "swiss"]
[EventRounds "9"]
[EventCountry "CAN"]
[SourceTitle "EXT 2022"]
[Source "ChessBase"]
[SourceDate "2021.10.06"]
[SourceVersion "1"]
[SourceVersionDate "2021.10.06"]
[SourceQuality "1"]

1. e4 e5 2. Bc4 Nf6 3. Nf3 Nc6 4. Nc3 Be7 5. Ng5 O-O 6. Qf3 Nd4 7. Qd3 Nxe4 8. Qxe4 Bxg5 9. Bd3 g6 10. Qxe5 Bf6 11. Qc5 Re8+ 12. Ne4 d5 13. c3 dxe4 14. Bb5 Nc2+ 15. Kd1 Nxa1 16. Bxe8 Qxe8 17. Qb4 e3 18. dxe3 Qd8+ 19. Bd2 1/2-1/2

[Event "Scarborough CC-ch Reserves U1400"]
[Site "Toronto CAN"]
[Date "2012.05.17"]
[Round "9"]
[White "Roy, Lawrence"]
[Black "Deng, Yi"]
[Result "0-1"]
[WhiteElo "993"]
[BlackElo "1062"]
[PlyCount "51"]
[GameId "2160767909575848"]
[EventDate "2012.03.22"]
[EventType "swiss"]
[EventRounds "9"]
[EventCountry "CAN"]
[SourceTitle "EXT 2022"]
[Source "ChessBase"]
[SourceDate "2021.10.06"]
[SourceVersion "1"]
[SourceVersionDate "2021.10.06"]
[SourceQuality "1"]

1. e4 e5 2. Nf3 Nc6 3. Bb5 d6 4. Bxc6+ bxc6 5. Nc3 Nf6 6. d4 exd4 7. Nxd4 c5 8. Nf3 Bg4 9. e5 Bxf3 10. Qxf3 dxe5 11. Bg5 Be7 12. O-O h6 13. Bxf6 Bxf6 14. Rad1 Qc8 15. Qc6+ Kf8 16. Qxc5+ Kg8 17. Ne4 Kh7 18. Nxf6+ gxf6 19. h3 Rg8 20. Rfe1 Qxh3 21. Qc6 Rac8 22. Kf1 Qh1+ 23. Ke2 Qh5+ 24. f3 Rxg2+ 25. Kd3 Qf5+ 26. Qe4 0-1

[Event "Scarborough CC-ch Reserves U1400"]
[Site "Toronto CAN"]
[Date "2012.05.17"]
[Round "9"]
[White "Sekar, Varun"]
[Black "Balendra, Harigaran"]
[Result "1/2-1/2"]
[WhiteElo "1266"]
[BlackElo "1263"]
[PlyCount "117"]
[GameId "2160767909575849"]
[EventDate "2012.03.22"]
[EventType "swiss"]
[EventRounds "9"]
[EventCountry "CAN"]
[SourceTitle "EXT 2022"]
[Source "ChessBase"]
[SourceDate "2021.10.06"]
[SourceVersion "1"]
[SourceVersionDate "2021.10.06"]
[SourceQuality "1"]

1. e4 c5 2. Nf3 Nc6 3. d4 cxd4 4. Nxd4 e5 5. Nf3 Nf6 6. Bg5 Be7 7. Nc3 Qa5 8. Bd3 d6 9. O-O O-O 10. Nd5 Nxd5 11. exd5 f6 12. dxc6 fxg5 13. Bc4+ Kh8 14. cxb7 Bxb7 15. h3 Bxf3 16. gxf3 Rac8 17. Bb3 Qc5 18. Qd3 Qc6 19. Qe4 Rf4 20. Qxc6 Rxc6 21. Kg2 Rc8 22. Rfe1 h5 23. Re4 Bf6 24. Rd1 Rd8 25. Bd5 h4 26. b3 Rc8 27. c4 a5 28. Bb7 Rxe4 29. fxe4 Rb8 30. Bc6 Be7 31. Rd5 Rc8 32. Bb5 Rc5 33. Kf3 Kg8 34. a3 Rxd5 35. cxd5 Kf7 36. Ke3 Bd8 37. Bc6 Bb6+ 38. Ke2 Bc5 39. a4 Bb4 40. Kf3 Kf6 41. Kg4 g6 42. Bd7 Kg7 43. Kxg5 Be1 44. Kxh4 Bxf2+ 45. Kg4 Kh6 46. Be8 Bc5 47. h4 Bb6 48. h5 gxh5+ 49. Bxh5 Kg7 50. Kf5 Bc5 51. Ke6 Bb4 52. Kd7 Kf6 53. Bg4 Kg5 54. Bf5 Kf4 55. Kc7 Ke3 56. Kb6 Kd4 57. Kb5 Kc3 58. Kb6 Kxb3 59. Kb5 1/2-1/2

[Event "Schleinich mem."]
[Site "Calgary CAN"]
[Date "2012.01.20"]
[Round "1"]
[White "Haessel, Dale"]
[Black "Robichaud, Martin"]
[Result "1-0"]
[WhiteElo "2300"]
[BlackElo "2219"]
[PlyCount "103"]
[GameId "2160767909572755"]
[EventDate "2012.01.20"]
[EventType "swiss"]
[EventRounds "5"]
[EventCountry "CAN"]
[SourceTitle "EXT 2022"]
[Source "ChessBase"]
[SourceDate "2021.10.06"]
[SourceVersion "1"]
[SourceVersionDate "2021.10.06"]
[SourceQuality "1"]

1. d4 e6 2. c4 d5 3. Nf3 c5 4. cxd5 exd5 5. Nc3 Nf6 6. g3 c4 7. Bg2 a6 8. a4 Nc6 9. O-O Na5 10. Bg5 Be7 11. Nd2 Be6 12. e3 h6 13. Bxf6 Bxf6 14. Qf3 g5 15. Nxd5 Bg7 16. Rac1 f5 17. e4 Nc6 18. exf5 O-O 19. f6 Bxf6 20. Nxf6+ Rxf6 21. Qe3 Qxd4 22. Qxd4 Nxd4 23. Rfe1 Raf8 24. Re4 Rd8 25. Nxc4 Bf5 26. Re5 Bg4 27. Rce1 Nf3+ 28. Bxf3 Bxf3 29. Re8+ Rxe8 30. Rxe8+ Kg7 31. Ne5 Bd5 32. Rd8 Be4 33. Rd4 Bf5 34. f4 b5 35. a5 Bh3 36. Kf2 gxf4 37. gxf4 Re6 38. Ke3 Kf6 39. Rd8 Ke7 40. Rb8 Rd6 41. Rb7+ Ke6 42. b4 Kd5 43. Rc7 Ke6 44. Nd3 Kd5 45. Rc5+ Ke6 46. Rh5 Bg4 47. Rxh6+ Ke7 48. Rxd6 Kxd6 49. Kd4 Bc8 50. Nc5 Ke7 51. Ke5 Kf7 52. Kd6 1-0